Easter Egg Hunt - Statistics

General Stats
  • This quiz has been taken 37,321 times
  • The average score is 8 of 10
Answers on the Map
Answers color-coded by a green-red scale on the quiz's map according to % correct below.
 
Answer Stats
Answer % Correct
United Kingdom
99%
Turkey
93%
South Africa
91%
Vietnam
83%
Netherlands
81%
Kenya
80%
Colombia
77%
Algeria
61%
Palau
53%
Antigua and Barbuda
50%
No matching quizzes found
Score Distribution
Percent of People with Each Score
Percentile by Number Answered
Your Score History
You have not taken this quiz